Guía para el apostolado vocacional
Guardat en:
| Autor corporatiu: | |
|---|---|
| Format: | Llibre |
| Idioma: | espanyol |
| Publicat: |
Barcelona
Herder
1963
|
| Matèries: | |
| Etiquetes: |
Afegir etiqueta
Sense etiquetes, Sigues el primer a etiquetar aquest registre!
|
MARC
| LEADER | 00000nam a2200000 a 4500 | ||
|---|---|---|---|
| 001 | UCL5382 | ||
| 003 | CL-VaPUC | ||
| 008 | 040312e19630000SP |||||||||||||||||spa|d | ||
| 082 | 0 | 4 | |a 248.8 |b CON |2 21 |
| 110 | 2 | |a Consejo Episcopal Latinoamericano |e author |9 483126 | |
| 245 | 1 | 0 | |a Guía para el apostolado vocacional |
| 300 | |a v | ||
| 942 | |c BK | ||
| 945 | |d 20040312 00:00:00 |a vberengu | ||
| 260 | |a Barcelona |b Herder |c 1963 | ||
| 650 | 0 | |a Vocación religiosa |9 392452 | |
| 583 | |a last modification |c 20040312 00:00:00 |k Rodrigo Vera | ||
| 999 | |c 307991 |d 307989 | ||
| 952 | |0 0 |1 0 |4 0 |6 248_800000000000000_CON_1963 |7 0 |8 A |9 374189 |a BIBTEO |b BIBTEO |d 2019-11-21 |h v.1 |i 3383466 |o 248.8 CON 1963 |p 3383466 |r 2025-01-17 |w 2019-11-21 |y BK |k ICR | ||